| 000 | 02187nam0a2200373 4500 | ||
|---|---|---|---|
| 001 | RU\NLR\BIBL_A\012405429 | ||
| 005 | 20201127120745.0 | ||
| 010 |
_a978-5-88575-574-0 _9100 |
||
| 021 |
_aRU _bКН-П-20-043705 _9КН-П-20-3332 |
||
| 035 | _a(NLR Aleph) 012405429 | ||
| 035 | _a(RuMoRGB)010386097 | ||
| 090 |
_a11747190 _c11747190 |
||
| 100 | _a20201117d2019 u y0rusy50 ca | ||
| 101 | 0 | _arus | |
| 102 | _aRU | ||
| 105 | _a |||j|||001zy | ||
| 181 | 0 |
_ai _baxxe |
|
| 182 | 0 | _an | |
| 200 | 1 |
_aГосударственное регулирование экономики _eучебное пособие _e[по направлениям подготовки: 38.03.01 Экономика, 38.03.02 Менеджмент, 38.03.04 Государственное и муниципальное управление] _fИ.С. Курмаева, Т.А. Баймишева, К.А. Жичкин _gМинистерство сельского хозяйства Российской Федерации, Федеральное государственное бюджетное образовательное учреждение высшего образования "Самарский государственный аграрный университет" |
|
| 203 |
_aТекст _bвизуальный _cнепосредственный |
||
| 210 |
_aКинель _cРИО Самарского ГАУ _d2019 |
||
| 215 |
_a127 с. _cил. _d21 |
||
| 320 | _aБиблиогр.: с. 123-124 (26 назв.) | ||
| 320 | _aАлф.-предм. указ.: с. 125-127 | ||
| 606 | 1 |
_aНародное хозяйство _jУчебные издания для высших учебных заведений _xГосударственное регулирование _91472032 _3RU\NLR\AUTH\66316376 |
|
| 686 | 1 | _aУ21(0)я73 | |
| 700 | 1 |
_aКурмаева _bИ. С. _gИрина Сергеевна |
|
| 701 | 1 |
_aБаймишева _bТ. А. _gТатьяна Ахтамовна |
|
| 701 | 1 |
_aЖичкин _bК. А. _gКирилл Александрович |
|
| 942 | _cBOOK | ||
| 980 | _aNBR | ||
| 980 | _aNB | ||